[Event "Lichtenberger Sommer 2019"]
[Site "Berlin"]
[Date "2019.08.22"]
[Round "6.5"]
[White "Stark, Ingo"]
[Black "Ortmann, David"]
[Result "0-1"]
[WhiteElo "2113"]
[BlackElo "2340"]
[PlyCount "60"]
[EventDate "2019.??.??"]
[WhiteTeam "TSG Oberschöneweide"]
[BlackTeam "SC Böblingen"]

1. e4 e6 2. d4 d5 3. Nc3 Nc6 4. Nf3 Nf6 5. Bd3 Nb4 6. e5 Nd7 7. Ne2 c5 8. c3
Nxd3+ 9. Qxd3 b6 10. Bg5 Be7 11. Bxe7 Qxe7 12. O-O a5 13. Rfe1 Ba6 14. Qe3 O-O
15. Ng5 Rfc8 16. f4 Bxe2 17. Qxe2 cxd4 18. Qd3 Nf8 19. cxd4 Qb4 20. Re2 Rc7 21.
a3 Qc4 22. Qe3 Rac8 23. h3 Qa4 24. Rf1 Rc2 25. Rxc2 Qxc2 26. Qf2 Qd3 27. f5 Rc2
28. Qf4 Qd2 29. Qg4 h5 30. Qg3 Qxd4+ 0-1

[Event "Lichtenberger Sommer 2019"]
[Site "Berlin"]
[Date "2019.08.22"]
[Round "6.6"]
[White "Petersen, Soren Boeck"]
[Black "Kornrumpf, Joachim"]
[Result "1-0"]
[WhiteElo "2218"]
[BlackElo "2099"]
[PlyCount "85"]
[EventDate "2019.??.??"]
[WhiteTeam "Damhus Skakklub"]
[BlackTeam "Preetzer TSV"]

1. e4 c5 2. c3 d5 3. exd5 Qxd5 4. d4 Nf6 5. Nf3 Bg4 6. Be2 e6 7. h3 Bh5 8. O-O
Nc6 9. Be3 cxd4 10. cxd4 Be7 11. Nc3 Qa5 12. Qb3 Qb4 13. Rfd1 Rd8 14. g4 Bg6
15. Qxb4 Bxb4 16. Ne5 Bxc3 17. bxc3 Bc2 18. Rdc1 Ba4 19. Rab1 Na5 20. Rb4 Bd7
21. Nxd7 Nxd7 22. c4 O-O 23. Bf3 Nb6 24. d5 exd5 25. Bxb6 axb6 26. cxd5 Rd6 27.
Rcb1 f5 28. Rxb6 Nc4 29. Rxd6 Nxd6 30. Kg2 fxg4 31. Bxg4 Kf7 32. Rc1 Kf6 33.
Be6 Ra8 34. Rc2 g5 35. Kf3 Ra3+ 36. Kg2 h5 37. Re2 Ra6 38. Bd7 Kf7 39. a4 Ra5
40. Re5 Nc4 41. Rxg5 Ke7 42. Bb5 Nd6 43. Rxh5 1-0

[Event "Lichtenberger Sommer 2019"]
[Site "Berlin"]
[Date "2019.08.22"]
[Round "6.7"]
[White "Brümmel, Arend"]
[Black "Neffe, Axel"]
[Result "0-1"]
[WhiteElo "2129"]
[BlackElo "2198"]
[PlyCount "56"]
[EventDate "2019.??.??"]
[WhiteTeam "Stader SV"]
[BlackTeam "SF Hamburg"]

1. Nf3 f5 2. g3 Nf6 3. Bg2 d6 4. d3 e5 5. c4 Be7 6. Nc3 O-O 7. O-O Qe8 8. Nd5
Bd8 9. Nxf6+ Bxf6 10. Rb1 a5 11. Bd2 Nc6 12. Qc1 h6 13. b3 Qh5 14. Bc3 g5 15.
Qb2 f4 16. Kh1 g4 17. Nd2 Bg5 18. Bd5+ Kg7 19. e3 f3 20. Bxc6 bxc6 21. a4 Qg6
22. Ne4 Bf5 23. Qd2 Be7 24. Rfc1 h5 25. Bxa5 h4 26. gxh4 Bxe4 27. dxe4 Rh8 28.
Bc3 Bf6 0-1

[Event "Lichtenberger Sommer 2019"]
[Site "Berlin"]
[Date "2019.08.22"]
[Round "6.8"]
[White "Hesse, Henrik"]
[Black "Heuser, Philip"]
[Result "1-0"]
[WhiteElo "2185"]
[BlackElo "2064"]
[PlyCount "53"]
[EventDate "2019.??.??"]
[WhiteTeam "SV Mattnetz Berlin"]
[BlackTeam "Münchener SC"]

1. c4 Nf6 2. g3 c6 3. Nf3 d5 4. Bg2 Bg4 5. Ne5 Be6 6. cxd5 Bxd5 7. Nf3 c5 8.
Nc3 Bc6 9. O-O e6 10. d3 Be7 11. e4 O-O 12. Ne5 Nfd7 13. Nxc6 Nxc6 14. f4 Nb6
15. e5 c4 16. dxc4 Nxc4 17. Qe2 Qd4+ 18. Kh1 Rfd8 19. Rd1 Qc5 20. Rxd8+ Rxd8
21. b3 N4xe5 22. Ne4 Qd4 23. Bb2 Qd3 24. Qh5 Ng6 25. f5 exf5 26. Qxf5 Nd4 27.
Nf6+ 1-0

[Event "Lichtenberger Sommer 2019"]
[Site "Berlin"]
[Date "2019.08.22"]
[Round "6.9"]
[White "Zeitz, Philip"]
[Black "Fuchs, Dominik"]
[Result "1/2-1/2"]
[WhiteElo "2170"]
[BlackElo "1887"]
[PlyCount "49"]
[EventDate "2019.??.??"]
[WhiteTeam "SC Kreuzberg"]
[BlackTeam "SC Zitadelle Spandau"]

1. c4 e5 2. Nc3 Nf6 3. Nf3 Nc6 4. e4 Bc5 5. Nxe5 Nxe5 6. d4 Bb4 7. dxe5 Nxe4 8.
Qd4 Nxc3 9. bxc3 Be7 10. Bd3 d6 11. Bf4 O-O 12. O-O dxe5 13. Bxe5 Bf6 14. Rae1
Be6 15. f4 Bxe5 16. Rxe5 Re8 17. Qe4 g6 18. Qe3 Bd7 19. f5 Rxe5 20. Qxe5 Bc6
21. fxg6 hxg6 22. Bxg6 fxg6 23. Qe6+ Kh8 24. Qe5+ Kg8 25. Qe6+ 1/2-1/2

[Event "Lichtenberger Sommer 2019"]
[Site "Berlin"]
[Date "2019.08.22"]
[Round "6.10"]
[White "Braeunlin, Herbert"]
[Black "Tschernatsch, Johannes"]
[Result "1/2-1/2"]
[WhiteElo "2091"]
[BlackElo "2155"]
[PlyCount "97"]
[EventDate "2019.??.??"]
[BlackTeam "SC Empor Potsdam"]

1. e4 c5 2. Nf3 d6 3. d4 cxd4 4. Nxd4 Nf6 5. Nc3 a6 6. Bd3 e5 7. Nde2 Be7 8.
Ng3 O-O 9. O-O b5 10. Bg5 Be6 11. Bxf6 Bxf6 12. a4 b4 13. Nd5 Bxd5 14. exd5 g6
15. a5 Nd7 16. Qd2 Nc5 17. Ne4 Nxe4 18. Bxe4 Bg7 19. f3 f5 20. Bd3 Qh4 21. Qe2
e4 22. g3 Qh3 23. fxe4 Bxb2 24. exf5 Bd4+ 25. Kh1 Rae8 26. Qg2 Qxg2+ 27. Kxg2
Bxa1 28. Rxa1 Rc8 29. Rb1 gxf5 30. Rxb4 Rc5 31. Rb6 Rxa5 32. Rxd6 Ra8 33. Rd7
Rc5 34. Bxf5 h6 35. Be6+ Kh8 36. Kh3 Rxc2 37. Kg4 Rf2 38. Kh5 Rf6 39. g4 a5 40.
h4 Ra6 41. Re7 a4 42. g5 hxg5 43. hxg5 Rfxe6 44. dxe6 a3 45. Kg6 Ra8 46. Rh7+
Kg8 47. Rh1 a2 48. Ra1 Ra3 49. e7 1/2-1/2

[Event "Lichtenberger Sommer 2019"]
[Site "Berlin"]
[Date "2019.08.22"]
[Round "6.11"]
[White "Meyer-Dunker, Paul"]
[Black "Hillmann, Michael"]
[Result "1-0"]
[WhiteElo "2064"]
[BlackElo "2138"]
[PlyCount "93"]
[EventDate "2019.??.??"]
[WhiteTeam "TSG Oberschöneweide"]
[BlackTeam "SV Sangerhausen"]

1. e4 d6 2. d4 Nf6 3. Nc3 g6 4. Be3 c6 5. Qd2 Nbd7 6. f3 b5 7. g4 Bg7 8. h4 h5
9. g5 Nh7 10. f4 Nb6 11. b3 O-O 12. Bd3 e5 13. Nce2 Re8 14. O-O-O Qc7 15. Nf3
Bg4 16. Rdf1 Nf8 17. fxe5 dxe5 18. Nxe5 Bxe5 19. dxe5 Ne6 20. Nd4 Nxd4 21. Bxd4
Be6 22. Qe3 Nd7 23. Bb2 a5 24. Rh2 a4 25. Rhf2 axb3 26. axb3 Ra2 27. Be2 Qa5
28. Qc3 b4 29. Qxc6 Rxb2 30. Bc4 Qa1+ 31. Kd2 Rxc2+ 32. Kxc2 Qc3+ 33. Kb1 Bxc4
34. Qxc4 Qxc4 35. bxc4 Nxe5 36. Ka2 Rd8 37. Kb3 Rd4 38. Rc2 Rxe4 39. c5 Nc6 40.
Rcf2 Nd4+ 41. Kxb4 Nf5+ 42. Kb5 Rxh4 43. Rxf5 gxf5 44. c6 Re4 45. c7 Re8 46.
Rd1 Kg7 47. Rd8 1-0

[Event "Lichtenberger Sommer 2019"]
[Site "Berlin"]
[Date "2019.08.22"]
[Round "6.12"]
[White "Kapr, Klaus"]
[Black "Hermannsdörfer, Frank"]
[Result "1/2-1/2"]
[WhiteElo "2031"]
[BlackElo "2177"]
[PlyCount "101"]
[EventDate "2019.??.??"]
[WhiteTeam "SC Friesen Lichtenberg"]
[BlackTeam "SV Liebschwitz"]

1. e4 d6 2. d4 Nf6 3. Nc3 e5 4. Nf3 exd4 5. Nxd4 Be7 6. g3 Nc6 7. Bg2 Nxd4 8.
Qxd4 c6 9. O-O O-O 10. f4 Qb6 11. Be3 Qxd4 12. Bxd4 Re8 13. Rae1 Be6 14. h3 c5
15. Bxf6 Bxf6 16. e5 dxe5 17. fxe5 Bg5 18. Nb5 Bc4 19. Nc7 Bxf1 20. Rxf1 Rad8
21. Nxe8 Rxe8 22. Bd5 Re7 23. h4 Be3+ 24. Kg2 Bd4 25. b3 Bxe5 26. Re1 b5 27. a3
g6 28. c4 bxc4 29. Bxc4 Kg7 30. a4 a5 31. Re2 f5 32. Kf3 Kf6 33. Rd2 g5 34. Rd5
g4+ 35. Kg2 Bd4 36. Rd6+ Ke5 37. Rh6 Bc3 38. Ra6 Bd2 39. Rc6 Bb4 40. Rh6 f4 41.
gxf4+ Kxf4 42. Rf6+ Ke5 43. Rf7 Rxf7 44. Bxf7 Kf4 45. Bg8 h6 46. Bf7 Be1 47. h5
Kg5 48. Bg6 Kf6 49. Be8 Ke7 50. Bg6 Kf6 51. Be8 1/2-1/2

[Event "Lichtenberger Sommer 2019"]
[Site "Berlin"]
[Date "2019.08.22"]
[Round "6.13"]
[White "Wierzbicki, Jirawat"]
[Black "Teichert, Felix"]
[Result "1-0"]
[WhiteElo "2160"]
[BlackElo "2027"]
[PlyCount "69"]
[EventDate "2019.??.??"]
[WhiteTeam "SK König Tegel"]
[BlackTeam "Leegebrucher SF"]

1. e4 c6 2. d4 d5 3. exd5 cxd5 4. Bd3 Nc6 5. c3 Nf6 6. Bf4 Bg4 7. Qb3 Qc8 8.
Nd2 e6 9. Ngf3 Be7 10. O-O Bh5 11. Ne5 Nxe5 12. dxe5 Nd7 13. Rac1 O-O 14. c4 d4
15. Bxh7+ Kxh7 16. Qh3 Kg6 17. g4 Bxg4 18. Qxg4+ Kh7 19. Qh5+ Kg8 20. Ne4 f5
21. Ng5 Bxg5 22. Qxg5 Qc5 23. Qg3 Kf7 24. h4 g6 25. Rfd1 Rad8 26. b4 Qxb4 27.
Rxd4 Qb6 28. Rd6 Qa5 29. Bg5 Nc5 30. Bxd8 Rxd8 31. Qg5 Nd7 32. Rcd1 Nxe5 33.
Qxd8 Nf3+ 34. Kg2 Nxh4+ 35. Qxh4 1-0

[Event "Lichtenberger Sommer 2019"]
[Site "Berlin"]
[Date "2019.08.22"]
[Round "6.14"]
[White "Bornschein, Burkhard"]
[Black "Simon, Ralf-Axel"]
[Result "0-1"]
[WhiteElo "2016"]
[BlackElo "2131"]
[PlyCount "98"]
[EventDate "2019.??.??"]
[WhiteTeam "BSC Rehberge"]
[BlackTeam "SF Hannover"]

1. d4 Nf6 2. Nf3 d5 3. c4 e6 4. Nc3 c6 5. cxd5 exd5 6. Bg5 h6 7. Bh4 Bf5 8. e3
Nbd7 9. Bd3 Bxd3 10. Qxd3 Bd6 11. Bg3 Qe7 12. Bxd6 Qxd6 13. Rb1 O-O 14. h3 Rae8
15. O-O Ne4 16. b4 b5 17. Ne2 Nb6 18. Ne5 Nc4 19. Nxc4 bxc4 20. Qc2 Rb8 21. Nc3
f5 22. Nxe4 fxe4 23. Qa4 Rf7 24. a3 Rb5 25. Qa6 Qc7 26. Rbc1 Qb7 27. Qa4 a5 28.
bxa5 Qa6 29. f3 Rxa5 30. Qb4 exf3 31. Qb8+ Rf8 32. Qd6 Qc8 33. Rxf3 Rxf3 34.
gxf3 Rb5 35. Kg2 Qf5 36. h4 Rb2+ 37. Kg3 Qd3 38. Qe6+ Kh7 39. e4 Qxd4 40. Qf5+
Kg8 41. Qc8+ Kh7 42. Qf5+ g6 43. Qd7+ Qg7 44. Qxg7+ Kxg7 45. exd5 cxd5 46. a4
Kf6 47. Kf4 g5+ 48. hxg5+ hxg5+ 49. Ke3 Ke5 0-1

[Event "Lichtenberger Sommer 2019"]
[Site "Berlin"]
[Date "2019.08.22"]
[Round "6.15"]
[White "Silz, Elisa"]
[Black "Seitz, Patrick"]
[Result "0-1"]
[WhiteElo "2011"]
[BlackElo "2130"]
[PlyCount "76"]
[EventDate "2019.??.??"]
[WhiteTeam "SV Empor Berlin"]
[BlackTeam "SC Böblingen"]

1. d4 Nf6 2. Nf3 g6 3. c4 Bg7 4. Nc3 O-O 5. e4 d6 6. Be2 e5 7. O-O Nc6 8. d5
Ne7 9. Ne1 Ne8 10. Nd3 f5 11. Bd2 Nf6 12. f3 f4 13. c5 g5 14. cxd6 cxd6 15. Nf2
Rf7 16. Qc2 Ng6 17. Rfc1 a6 18. a4 h5 19. h3 Bf8 20. a5 g4 21. fxg4 hxg4 22.
hxg4 Nh4 23. Qd1 Rg7 24. Na4 Nxg4 25. Rxc8 Nxf2 26. Rxd8 Rxg2+ 27. Kf1 Rxd8 28.
Qb3 Nxe4 29. Be1 Ng3+ 30. Bxg3 fxg3 31. Ra3 Bh6 32. Qb6 Rf8+ 33. Ke1 Nf5 34.
Bf3 Rh2 35. Qg1 Rc8 36. Rd3 e4 37. Qxh2 gxh2 38. Bxe4 Re8 0-1

[Event "Lichtenberger Sommer 2019"]
[Site "Berlin"]
[Date "2019.08.22"]
[Round "6.16"]
[White "Guenther, Thomas"]
[Black "Krefenstein, Sergej"]
[Result "0-1"]
[WhiteElo "1985"]
[BlackElo "2125"]
[PlyCount "90"]
[EventDate "2019.??.??"]
[BlackTeam "BSC Rehberge"]

1. d4 Nf6 2. Nf3 e6 3. c4 b6 4. g3 Bb7 5. Bg2 Be7 6. O-O O-O 7. Nc3 d6 8. d5 e5
9. e4 a5 10. Be3 Ng4 11. Bd2 Na6 12. Ne1 Nf6 13. f4 Nd7 14. f5 Bg5 15. Nf3 Bxd2
16. Qxd2 Nac5 17. Rfe1 Ba6 18. Bf1 h6 19. Qc2 Nf6 20. b3 Nh7 21. h4 Qe7 22. g4
Bb7 23. a3 a4 24. b4 Nb3 25. Rad1 Nd4 26. Qf2 Nxf3+ 27. Qxf3 Qxh4 28. Kg2 Qe7
29. Bd3 Ng5 30. Qf2 Nh7 31. Rh1 Bc8 32. Nb5 Qd8 33. c5 bxc5 34. bxc5 Ba6 35. c6
Bxb5 36. Bxb5 Qg5 37. Be2 Nf6 38. Qf3 Rfb8 39. Rb1 Rb3 40. Rxb3 axb3 41. Qxb3
Nxe4 42. Rh3 Qd2 43. Kf1 Qf4+ 44. Ke1 Qf2+ 45. Kd1 Qd4+ 0-1

[Event "Lichtenberger Sommer 2019"]
[Site "Berlin"]
[Date "2019.08.22"]
[Round "6.17"]
[White "Rogozenco, Teodora"]
[Black "Mertens, Fridolin"]
[Result "0-1"]
[WhiteElo "1974"]
[BlackElo "2113"]
[PlyCount "60"]
[EventDate "2019.??.??"]
[WhiteTeam "Hamburger SK"]
[BlackTeam "SG 1871 Löberitz"]

1. d4 Nf6 2. c4 g6 3. Nc3 Bg7 4. e4 d6 5. Nf3 O-O 6. Be2 Nc6 7. d5 Ne5 8. Nxe5
dxe5 9. O-O b6 10. c5 e6 11. Bg5 h6 12. Be3 exd5 13. exd5 Bf5 14. f3 Re8 15.
Qd2 Kh7 16. Rad1 e4 17. fxe4 Bxe4 18. Nxe4 Nxe4 19. Qc1 Nxc5 20. Rxf7 Re7 21.
Rf3 Qe8 22. Bc4 Bxb2 23. Qd2 Bg7 24. d6 Ne4 25. Qd5 Nxd6 26. Bf2 Nxc4 27. Qxc4
Rd8 28. Rxd8 Qxd8 29. Bh4 Qd1+ 30. Rf1 Qd4+ 0-1

[Event "Lichtenberger Sommer 2019"]
[Site "Berlin"]
[Date "2019.08.22"]
[Round "6.18"]
[White "Schulz, Olaf"]
[Black "Dathe, Frederick"]
[Result "0-1"]
[WhiteElo "1957"]
[BlackElo "2110"]
[PlyCount "92"]
[EventDate "2019.??.??"]
[BlackTeam "SC Kreuzberg"]

1. Nf3 c5 2. c4 Nf6 3. Nc3 g6 4. e4 Bg7 5. d4 cxd4 6. Nxd4 d6 7. Be3 O-O 8. Be2
Nc6 9. O-O a5 10. Rb1 Bd7 11. f3 Nxd4 12. Bxd4 Ne8 13. Nd5 Bxd4+ 14. Qxd4 Ng7
15. Qe3 Rc8 16. Qa7 Ne6 17. a3 a4 18. Qxb7 Rb8 19. Qa7 Nc5 20. Qc7 Qxc7 21.
Nxc7 f5 22. Nd5 fxe4 23. Nxe7+ Kg7 24. Nd5 exf3 25. Rxf3 Bf5 26. Re1 Rxb2 27.
Re3 Rf7 28. Bd1 Nd3 29. Rf1 Nc5 30. Nc3 Bd3 31. Rxf7+ Kxf7 32. Nxa4 Rb1 33.
Nxc5 Rxd1+ 34. Kf2 dxc5 35. Re5 Rf1+ 36. Ke3 Re1+ 37. Kf4 Rxe5 38. Kxe5 Bxc4
39. Kd6 Bf1 40. Kxc5 Bxg2 41. Kd4 Kf6 42. Ke3 Bc6 43. Kf4 g5+ 44. Kg4 Kg6 45.
Kg3 Kf5 46. Kh3 Kf4 0-1

[Event "Lichtenberger Sommer 2019"]
[Site "Berlin"]
[Date "2019.08.22"]
[Round "6.19"]
[White "Sabrowski, Uwe"]
[Black "Kutschke, Jens"]
[Result "1/2-1/2"]
[WhiteElo "2073"]
[BlackElo "1953"]
[PlyCount "35"]
[EventDate "2019.??.??"]
[WhiteTeam "SV Berolina Mitte"]
[BlackTeam "SF 1903 Berlin"]

1. d4 Nf6 2. c4 g6 3. Nc3 d5 4. cxd5 Nxd5 5. e4 Nxc3 6. bxc3 Bg7 7. Bc4 c5 8.
Ne2 Nc6 9. Be3 cxd4 10. cxd4 O-O 11. O-O b6 12. Rc1 Bb7 13. Qd2 Rc8 14. Rfd1
Na5 15. Bd3 Qd7 16. Bh6 Rxc1 17. Rxc1 Rc8 18. Bxg7 1/2-1/2

[Event "Lichtenberger Sommer 2019"]
[Site "Berlin"]
[Date "2019.08.22"]
[Round "6.21"]
[White "Nötzel, Felix"]
[Black "Ahlers, Knut"]
[Result "1-0"]
[WhiteElo "2262"]
[BlackElo "1880"]
[PlyCount "113"]
[EventDate "2019.??.??"]
[WhiteTeam "SF 1903 Berlin"]
[BlackTeam "SV Bargteheide"]

1. d4 Nf6 2. Nc3 d5 3. Bg5 Bf5 4. f3 Nbd7 5. Qd2 c6 6. O-O-O b5 7. Re1 b4 8.
Nd1 e6 9. Nf2 Qa5 10. Kb1 h6 11. Bxf6 Nxf6 12. e4 Bh7 13. Bd3 Be7 14. e5 Nd7
15. Bxh7 Rxh7 16. Ne2 c5 17. dxc5 Bxc5 18. Nd3 Rh8 19. Nxc5 Qxc5 20. Nd4 Nb6
21. f4 Nc4 22. Qd3 O-O-O 23. f5 exf5 24. e6 Qe7 25. Nc6 Qf6 26. c3 fxe6 27.
Nxd8 Rxd8 28. Qd4 Qe7 29. b3 Na3+ 30. Kb2 Nb5 31. Qxb4 Qxb4 32. cxb4 Rd6 33.
Rc1+ Kd7 34. Rc5 Nd4 35. Re1 a6 36. a4 g5 37. Kc3 Nc6 38. b5 d4+ 39. Kd3 axb5
40. Rxb5 e5 41. Rbxe5 Nxe5+ 42. Rxe5 Rb6 43. Kc4 f4 44. Rd5+ Ke6 45. Rxd4 Rc6+
46. Kd3 Ke5 47. Rc4 Rf6 48. Ke2 Ra6 49. Kf3 Kd5 50. Rb4 Kc5 51. Rb5+ Kc6 52.
Kg4 Kc7 53. a5 Kc6 54. Rb6+ Rxb6 55. axb6 Kxb6 56. Kh5 Kb5 57. h3 1-0

[Event "Lichtenberger Sommer 2019"]
[Site "Berlin"]
[Date "2019.08.22"]
[Round "6.22"]
[White "George, Tom"]
[Black "Zesewitz, Martin"]
[Result "1-0"]
[WhiteElo "2210"]
[BlackElo "1906"]
[PlyCount "65"]
[EventDate "2019.??.??"]
[WhiteTeam "SG Stadtilm"]
[BlackTeam "SF Friedrichshagen"]

1. e4 c6 2. Nc3 d5 3. Nf3 Nf6 4. e5 Ne4 5. Ne2 Bg4 6. Nfg1 Nc5 7. f3 Bf5 8. d4
Ncd7 9. g4 Bg6 10. Nf4 e6 11. h4 c5 12. h5 Bxc2 13. Qxc2 cxd4 14. Nd3 Nc6 15.
f4 Nb4 16. Nxb4 Bxb4+ 17. Bd2 Rc8 18. Qd3 Rc4 19. Bxb4 Rxb4 20. Qd2 Qb6 21. b3
Nc5 22. Bd3 Kd7 23. Ne2 Rc8 24. O-O Ne4 25. Qb2 Nc5 26. Rad1 Na4 27. Qd2 Nc3
28. Rc1 a5 29. f5 Ne4 30. Qe1 exf5 31. Rxf5 Rf8 32. Nf4 Nc3 33. e6+ 1-0

[Event "Lichtenberger Sommer 2019"]
[Site "Berlin"]
[Date "2019.08.22"]
[Round "6.23"]
[White "Jeß, Arne"]
[Black "Möller, Dustin"]
[Result "0-1"]
[WhiteElo "1842"]
[BlackElo "2178"]
[PlyCount "70"]
[EventDate "2019.??.??"]
[WhiteTeam "TSG Fredersdorf/Vogelsdorf"]
[BlackTeam "Eckernförder SC"]

1. e4 e6 2. d4 d5 3. Nc3 Bb4 4. e5 c5 5. Bd2 Ne7 6. dxc5 Nbc6 7. f4 Bxc5 8. Na4
Bxg1 9. Rxg1 Nf5 10. g3 Bd7 11. b3 Rc8 12. c3 b5 13. Bxb5 Nxe5 14. Bxd7+ Nxd7
15. Qf3 O-O 16. Kf1 Nf6 17. Rg2 Ne4 18. Bc1 f6 19. Re2 Rf7 20. Bb2 Qa5 21. Qd3
Nfd6 22. Rc2 Rfc7 23. Rac1 f5 24. Ba3 Rc6 25. Bb4 Qc7 26. Bxd6 Nxd6 27. Nb2 Ne4
28. c4 g5 29. fxg5 Nxg5 30. b4 dxc4 31. Rxc4 Rxc4 32. Rxc4 Qb7 33. Rxc8+ Qxc8
34. Nc4 Ne4 35. a3 Qxc4 0-1

[Event "Lichtenberger Sommer 2019"]
[Site "Berlin"]
[Date "2019.08.22"]
[Round "6.24"]
[White "Kohler, Thomas"]
[Black "Schönberger, Kay"]
[Result "1-0"]
[WhiteElo "2178"]
[BlackElo "1901"]
[PlyCount "60"]
[EventDate "2019.??.??"]
[WhiteTeam "SC Zitadelle Spandau"]
[BlackTeam "SV Koblenz"]

1. c4 Nf6 2. g3 g6 3. Bg2 Bg7 4. Nc3 O-O 5. d3 d6 6. e4 c5 7. Nge2 Nc6 8. O-O
Ne8 9. Be3 Nc7 10. d4 cxd4 11. Nxd4 Ne6 12. Nde2 Ne5 13. b3 Qa5 14. Bd2 Qd8 15.
h3 Bd7 16. f4 Nd3 17. Be3 Nec5 18. Rb1 Nb4 19. a3 Nc6 20. b4 Ne6 21. Qd2 f5 22.
exf5 gxf5 23. Rbd1 Be8 24. Qc2 Bh5 25. Bd5 Qc8 26. g4 Bg6 27. Ng3 fxg4 28. f5
Bxf5 29. Nxf5 gxh3 30. b5 Ne5 1-0

[Event "Lichtenberger Sommer 2019"]
[Site "Berlin"]
[Date "2019.08.22"]
[Round "6.25"]
[White "Korell, Klaus-Peter"]
[Black "Amelang, Thomas"]
[Result "0-1"]
[WhiteElo "1816"]
[BlackElo "2165"]
[PlyCount "72"]
[EventDate "2019.??.??"]
[WhiteTeam "SG TT/Wiheil"]
[BlackTeam "Münchener SC"]

1. d4 c5 2. d5 Nf6 3. c4 b5 4. cxb5 a6 5. bxa6 Bxa6 6. Nc3 d6 7. Nf3 g6 8. e4
Bxf1 9. Kxf1 Bg7 10. g3 Qb6 11. Kg2 Na6 12. Qe2 O-O 13. a4 Nc7 14. Nd2 e6 15.
dxe6 fxe6 16. Nc4 Qc6 17. Bf4 d5 18. Bxc7 Qxc7 19. Nb5 Qc6 20. Ncd6 dxe4 21.
Rhe1 e3+ 22. f3 Nd5 23. Ne4 Rf5 24. Rec1 Bf8 25. Nd4 Qb6 26. Nxf5 gxf5 27. Nc3
Bg7 28. Nd1 Bd4 29. Ra3 f4 30. g4 Kf7 31. Nc3 Qb4 32. Rca1 Ra5 33. Qc2 Qc4 34.
Rb3 Ra7 35. a5 e2 36. Re1 Ne3+ 0-1

[Event "Lichtenberger Sommer 2019"]
[Site "Berlin"]
[Date "2019.08.22"]
[Round "6.26"]
[White "Bui, Bao Anh Le"]
[Black "Kraft, Tom"]
[Result "1/2-1/2"]
[WhiteElo "2087"]
[BlackElo "1893"]
[PlyCount "51"]
[EventDate "2019.??.??"]
[WhiteTeam "SV Mattnetz Berlin"]
[BlackTeam "SC Zugzwang 95 (Berlin)"]

1. e4 e6 2. d4 d5 3. Nc3 Bb4 4. g3 Bxc3+ 5. bxc3 c5 6. exd5 exd5 7. dxc5 Nf6 8.
Bd3 O-O 9. Ne2 Qc7 10. O-O Bg4 11. Be3 Re8 12. Bd4 Nbd7 13. f3 Bh5 14. Qd2 Bg6
15. Nf4 Qc6 16. Rab1 Bxd3 17. Nxd3 Rac8 18. Qf4 Re6 19. Qf5 h6 20. Nb4 Qc7 21.
Nd3 Qc6 22. Nb4 Qc7 23. Nd3 Qc6 24. Rb2 Rce8 25. Nb4 Qb5 26. Nd3 1/2-1/2

[Event "Lichtenberger Sommer 2019"]
[Site "Berlin"]
[Date "2019.08.22"]
[Round "6.27"]
[White "Matitschka, Johannes"]
[Black "Poseck, Steffen"]
[Result "0-1"]
[WhiteElo "1815"]
[BlackElo "2041"]
[PlyCount "118"]
[EventDate "2019.??.??"]
[WhiteTeam "TSG Oberschöneweide"]
[BlackTeam "BSV 63 Chemie Weißensee"]

1. Nf3 c5 2. g3 Nc6 3. Bg2 g6 4. O-O Bg7 5. c3 e6 6. e4 Nge7 7. d4 cxd4 8. Nxd4
a6 9. Be3 O-O 10. Qd2 Ne5 11. Na3 Ng4 12. f4 Qc7 13. Rfd1 Rd8 14. Rac1 Nxe3 15.
Qxe3 d6 16. Nb3 Rb8 17. Rd2 b5 18. Nc2 Bb7 19. Rcd1 Nc6 20. e5 dxe5 21. Nc5
exf4 22. gxf4 Rxd2 23. Rxd2 Bf8 24. Nxb7 Rxb7 25. Qe4 Rb6 26. Kh1 Ne7 27. Qe5
Qxe5 28. fxe5 Nc6 29. Bxc6 Rxc6 30. Rd8 Kg7 31. Nd4 Rb6 32. Rc8 Be7 33. Nc6 Bg5
34. Rc7 Kh6 35. Nd4 Bf4 36. Nc6 f6 37. Ne7 Bxe5 38. Ng8+ Kg5 39. Rxh7 f5 40.
Rh3 Rb7 41. Re3 Kf4 42. Re1 Rh7 43. Kg2 Rd7 44. Rf1+ Kg5 45. Re1 Rd2+ 46. Kf3
Bxh2 47. Rxe6 Bg1 48. Ne7 Rf2+ 49. Ke3 Rxb2+ 50. Kd3 Bc5 51. Nxg6 Rxa2 52. Ne5
Kf4 53. Ng6+ Kg5 54. Ne5 f4 55. Ke4 Re2+ 56. Kd5 Kf5 57. Re8 Ba3 58. Kd4 Re4+
59. Kd5 f3 0-1

[Event "Lichtenberger Sommer 2019"]
[Site "Berlin"]
[Date "2019.08.22"]
[Round "6.28"]
[White "Wallmann, Bodo"]
[Black "Püschel, Werner"]
[Result "0-1"]
[WhiteElo "1789"]
[BlackElo "2012"]
[PlyCount "114"]
[EventDate "2019.??.??"]
[WhiteTeam "SC Kreuzberg"]
[BlackTeam "SV Briesen"]

1. Nf3 Nf6 2. g3 g6 3. Bg2 Bg7 4. O-O d6 5. d4 Nbd7 6. c4 c5 7. Nc3 O-O 8. e4
cxd4 9. Nxd4 Ne5 10. b3 Bg4 11. f3 Bd7 12. Be3 a6 13. Rc1 Re8 14. Qd2 Rb8 15.
a4 Nc6 16. Nde2 Na5 17. Rb1 b5 18. cxb5 axb5 19. axb5 Bxb5 20. Nxb5 Rxb5 21.
Nd4 Rb8 22. Qd3 e5 23. Ne2 Nc6 24. Rfd1 Bf8 25. Nc3 Nb4 26. Qd2 Qc7 27. Nd5
Nfxd5 28. exd5 Rec8 29. Rdc1 Qb7 30. f4 exf4 31. gxf4 f5 32. Rc4 Na6 33. Rxc8
Rxc8 34. Bd4 Nc5 35. Bxc5 Rxc5 36. b4 Rc4 37. b5 Qb6+ 38. Kh1 Bg7 39. Qe2 Rc7
40. Qe6+ Rf7 41. h3 Bf8 42. Qe2 Re7 43. Qf1 Bh6 44. Re1 Rxe1 45. Qxe1 Bxf4 46.
Qe6+ Kf8 47. Qf6+ Ke8 48. Qe6+ Kd8 49. Qg8+ Kc7 50. Qxh7+ Kb8 51. Qg8+ Kb7 52.
Qe8 Qf2 53. Qc6+ Kb8 54. Qe8+ Kc7 55. Qc6+ Kd8 56. Qa8+ Ke7 57. Qb7+ Kf6 0-1

[Event "Lichtenberger Sommer 2019"]
[Site "Berlin"]
[Date "2019.08.22"]
[Round "6.29"]
[White "Mock, Peter"]
[Black "Zühlke, Burkhard"]
[Result "0-1"]
[WhiteElo "1784"]
[BlackElo "2009"]
[PlyCount "156"]
[EventDate "2019.??.??"]
[WhiteTeam "SC Rochade (Berlin)"]
[BlackTeam "SGem Fürth"]

1. c4 g6 2. d4 Nf6 3. Nc3 Bg7 4. e4 d6 5. g3 O-O 6. Bg2 c5 7. Nge2 Nc6 8. d5
Na5 9. b3 a6 10. Bd2 Rb8 11. a4 e6 12. dxe6 fxe6 13. O-O Nc6 14. Rb1 Kh8 15. h3
Qe7 16. Be3 Bd7 17. Qd2 Rbd8 18. Rbd1 Bc8 19. Qc1 Qc7 20. Bg5 Ne5 21. Bh6 Nf7
22. Bxg7+ Kxg7 23. f4 Kh8 24. Qb2 Qe7 25. f5 Ne5 26. fxg6 hxg6 27. Nf4 Qg7 28.
Rd2 Nh5 29. Nce2 Kg8 30. Qc3 b6 31. Qe3 Nf6 32. Rfd1 Ne8 33. Nd3 Nxd3 34. Rxd3
e5 35. Nc3 Be6 36. h4 Rd7 37. Kh2 Rdf7 38. R3d2 Bg4 39. Re1 Qf6 40. Nd5 Qd8 41.
Qh6 Rg7 42. Ne3 Bd7 43. Rf1 Rxf1 44. Bxf1 Qf6 45. Kg1 Rh7 46. Qg5 Qxg5 47. hxg5
Bc6 48. Bg2 Kf7 49. Bf3 Ke7 50. Ng4 Rf7 51. Kg2 Nc7 52. Nf6 Ne6 53. Ng8+ Kd7
54. Nh6 Rf8 55. Ng4 Ke7 56. Nf2 Nxg5 57. Rd3 Ne6 58. Bg4 Nd4 59. Bd1 b5 60.
axb5 axb5 61. Re3 Rb8 62. Re1 bxc4 63. bxc4 Rb2 64. Re3 Rb4 65. Rc3 Bb7 66. Bf3
Ba6 67. Ra3 Bxc4 68. Ra7+ Kf6 69. Rd7 Rb6 70. Bg4 Bb5 71. Rd8 c4 72. Nd1 Ke7
73. Rg8 Bc6 74. Nc3 Rb3 75. Nd5+ Bxd5 76. exd5 c3 77. Rxg6 c2 78. Rg7+ Kf6 0-1

[Event "Lichtenberger Sommer 2019"]
[Site "Berlin"]
[Date "2019.08.22"]
[Round "6.30"]
[White "Schäfer, Heiko"]
[Black "Baranowsky, Peter"]
[Result "0-1"]
[WhiteElo "2002"]
[BlackElo "1889"]
[PlyCount "52"]
[EventDate "2019.??.??"]
[WhiteTeam "Potsdamer SV"]
[BlackTeam "SF 1903 Berlin"]

1. Nf3 g6 2. c4 Bg7 3. g3 Nf6 4. Bg2 O-O 5. O-O c5 6. Nc3 Nc6 7. d4 cxd4 8.
Nxd4 a6 9. c5 Qc7 10. e4 d6 11. cxd6 exd6 12. Bf4 Bg4 13. Nde2 Ne5 14. Rc1 Rac8
15. f3 Qb6+ 16. Qd4 Qxd4+ 17. Nxd4 Bd7 18. Rfd1 Nh5 19. Bg5 Rfe8 20. Nd5 Rxc1
21. Rxc1 Nd3 22. Ne2 Nxc1 23. Bxc1 Nf6 24. Nb6 Bc6 25. Nd4 d5 26. Kf2 Nxe4+ 0-1